header

Just wars and moral victories (Record no. 29732)

MARC details
000 -LEADER
fixed length control field 01928nam a2200421 a 4500
082 04 - DEWEY DECIMAL CLASSIFICATION NUMBER
Classification number 355/.47409024
100 1# - MAIN ENTRY--AUTHOR NAME
Personal name Whetham, David.
245 10 - TITLE STATEMENT
Title Just wars and moral victories
260 ## - PUBLICATION, DISTRIBUTION, ETC. (IMPRINT)
Place of publication Leiden ;
-- Boston :
Name of publisher Brill,
Year of publication 2009.
300 ## - PHYSICAL DESCRIPTION
Number of Pages 266 p.
490 1# - SERIES STATEMENT
Series statement History of warfare,
505 0# - FORMATTED CONTENTS NOTE
Formatted contents note Introduction -- Metaphysical and moral context -- The role of war as a legal instrument in the Middle Ages -- The epitome of military science -- The works of Geoffroy de Charny -- Froissart : the management of chivalric expectation -- Conclusion.
650 #0 - SUBJECT ADDED ENTRY--TOPICAL TERM
Topical Term Military art and science
Topical Term Surprise (Military science)
Topical Term Deception (Military science)
Topical Term Chivalry
Topical Term Middle Ages.
856 40 - ELECTRONIC LOCATION AND ACCESS
Uniform Resource Identifier http://site.ebrary.com/lib/rucke/Doc?id=10349208

No items available.

© 2026 Rongo University
Contact us: librarian | system librarian | Rongo university